| 000 | 01012nam a2200253 a 4500 | ||
|---|---|---|---|
| 001 | 000048198 | ||
| 005 | 20240306073901.0 | ||
| 008 | 121115s2015 dr acd 000 0 spa d | ||
| 020 | _a9789945160383 | ||
| 040 |
_aDO-SdBNP _bspa _cBNPHU |
||
| 082 |
_a659.2 _bR741g, 2015 |
||
| 100 | 1 |
_aRojas F., J. Luis _922494 |
|
| 245 | 1 | 0 |
_aGestión de las relaciones públicas : _bantecedentes, naturaleza y casos / _cJ. Luis Rojas ; prólogo José Mármol. |
| 250 | _a4a. ed. corregida y ampliada | ||
| 260 |
_aSanto Domingo : _bBúho, _c2015. |
||
| 300 |
_a494 p. : _bil., gráfcs., retrs. ; _c26 cm. |
||
| 500 | _aIncluye datos biográficos del autor en la solapa de la cubierta. | ||
| 500 | _aUna guía para facilitar los procesos de aprendizaje y gestión de las relaciones públicas actuales. | ||
| 504 | _aBibliografía: p: 491-494 | ||
| 590 | _aInventariado, 2019/ YL | ||
| 650 | 4 |
_aRelaciones públicas _922495 |
|
| 650 | 4 |
_aPlanificación estratégica _92433 |
|
| 700 | 1 | 2 |
_aMármol, José, _d1960- _epról. _96454 |
| 999 |
_c47686 _d47686 |
||